Asian countries that have been to the FIFA World Cup - Statistics

General Stats
  • This quiz has been taken 978 times
    977 since last reset
  • The average score is 10 of 12
Answer Stats
Answer % Correct
Japan
98%
South Korea
98%
China
96%
North Korea
92%
Iran
90%
Saudi Arabia
89%
Iraq
85%
Qatar
73%
United Arab Emirates
71%
Indonesia
70%
Australia
69%
Kuwait
66%
No matching quizzes found
Score Distribution
Percent of People with Each Score
Percentile by Number Answered
Your Score History
You have not taken this quiz since the last reset